| 000 | 00747nam a22002177a 4500 | ||
|---|---|---|---|
| 003 | OSt | ||
| 005 | 20250819034303.0 | ||
| 008 | 250819b |||||||| |||| 00| 0 eng d | ||
| 020 | _a1-58255-260-6. | ||
| 040 | _cOC | ||
| 082 | _aCirc. 615.1 K18t 2004 | ||
| 100 | _aKarch, A. | ||
| 245 | _a2004 lippincott's nursing drug guide | ||
| 260 |
_aPhiladelphia: _bLippinoctt Williams & Wilkins, _cc2004. |
||
| 300 |
_axix, 1,450 pages : _bcolored illustration ; _c20 cm. |
||
| 504 | _aIncludes index. | ||
| 650 | _2Drug Therapy - Nursing - Handbooks. | ||
| 650 | _2Drugs - Handbooks, Manuals, etc. | ||
| 650 | _2Nursing - Handbooks, Manuals, etc. | ||
| 942 |
_2ddc _cBK-CIRC _e2004 _hCirc. 615.1 K18t 2004 _kCirc. _n0 |
||
| 999 |
_c4054 _d4054 |
||